| 000 | 00000nam 2200000za 4500 |
| 001 | 9.686346 |
| 003 | CaOODSP |
| 005 | 20221107134446 |
| 007 | cr ||||||||||| |
| 008 | 150407s2002||||xxc|||||o f|0| 0 eng d |
| 020 | |a0-662-32978-3 |
| 040 | |aCaOODSP|beng |
| 043 | |an-cn--- |
| 086 | 1 |aA22-272/2002E-IN |
| 245 | 00|aRural youth study, phase II, |pRural youth migration |h[electronic resource] : |bexploring the reality behind the myths / |cprepared by R.A. Malatest & Associates Ltd. |
| 260 | |aOttawa : |bAgriculture and Agri-Food Canada,|c2002. |
| 300 | |aiv, 44, [2]p.|bcoloured figs. |
| 500 | |a"A rural youth discussion paper." "Prepared for: The Canadian Rural Partnership, Government of Canada, Atlantic Canada Opportunities Agency, Canada Economic Development – Quebec Regions, Western Economic Diversification Canada, Federal Economic Development Initiative in Northern Ontario, Human Resources Development Canada, Policy Research Secretariat, Statistics Canada. |
| 500 | |aIssued also in French under title : Jeunes des régions rurales, phase II, Migration des jeunes des régions rurales. |
| 590 | |a03-17|b2003-04-25 |
| 690 | 07|aRural communities|2gcpds |
| 690 | 07|aYouth|2gcpds |
| 710 | 1 |aCanada.|bAgriculture and Agri-Food Canada. |bRural Secretariat. |
| 775 | 08|tJeunes des régions rurales, phase II,|w(CaOODSP)9.630818 |
| 776 | 0#|tRural youth study, phase II, Rural youth migration : |w(CaOODSP)9.648894 |
| 856 | 40|uhttps://publications.gc.ca/collections/Collection/A22-272-2002E.pdf|qPDF|s181 KB |
| 986 | |aPublication Number 2146/E |